Online
Catalog

Pro defunctis missa A4 [Música impresa] : (Record no. 41690)

MARC details
000 -CABECERA
campo de control de longitud fija 00851nam a2200205 a 4500
001 - NÚMERO DE CONTROL
campo de control 000042201
005 - FECHA Y HORA DE LA ÚLTIMA TRANSACCIÓN
campo de control 20201002040013.0
008 - DATOS DE LONGITUD FIJA--INFORMACIÓN GENERAL
campo de control de longitud fija 131119s1975 sp g 000 0 spa d
020 ## - NÚMERO INTERNACIONAL ESTÁNDAR DEL LIBRO
Número Internacional Estándar del Libro 8400041402
040 ## - FUENTE DE LA CATALOGACIÓN
Centro catalogador/agencia de origen DO-SdBNP
Lengua de catalogación spa
Centro/agencia transcriptor BNPHU
100 1# - ENTRADA PRINCIPAL--NOMBRE DE PERSONA
Nombre de persona Morales, Cristobal de
9 (RLIN) 69217
245 10 - MENCIÓN DE TÍTULO
Título Pro defunctis missa A4 [Música impresa] :
Resto del título (Nunc prima vice typis exarata) /
Mención de responsabilidad, etc. Cristophori de Morales ; transcripción por Alicia Muñiz Hernández ; prólogo de Miguel Querol Gavaldá.
260 ## - PUBLICACIÓN, DISTRIBUCIÓN, ETC.
Lugar de publicación, distribución, etc. Barcelona :
Nombre del editor, distribuidor, etc. Instituto Español de Musicología,
Fecha de publicación, distribución, etc. 1975.
300 ## - DESCRIPCIÓN FÍSICA
Extensión 1 partitura (23 p.) ;
Dimensiones 32 cm.
490 1# - MENCIÓN DE SERIE
Mención de serie Música hispana
-- Polifonía
Designación de volumen o secuencia 3
700 1# - PUNTO DE ACCESO ADICIONAL--NOMBRE DE PERSONA
Nombre de persona Muñiz Hernández, Alicia
9 (RLIN) 69218
700 1# - PUNTO DE ACCESO ADICIONAL--NOMBRE DE PERSONA
Nombre de persona Querol Gavaldá, Miguel
Término indicativo de función/relación pról.
9 (RLIN) 66033
710 2# - PUNTO DE ACCESO ADICIONAL--NOMBRE DE ENTIDAD CORPORATIVA
Nombre de entidad corporativa o nombre de jurisdicción como elemento de entrada Instituto Español de Musicología
9 (RLIN) 69215
830 #0 - PUNTO DE ACCESO ADICIONAL DE SERIE-TÍTULO UNIFORME
Título uniforme Música hispana
Nombre de parte o sección de la obra Polifonía
Designación de volumen o secuencia 3
9 (RLIN) 69219
Holdings
Estado de retiro Estado de pérdida Restricciones de uso No para préstamo Código de colección Localización permanente Ubicación/localización actual Ubicación en estantería Fecha de adquisición Número de inventario Total de préstamos Signatura topográfica completa Código de barras Fecha visto por última vez Precio válido a partir de Tipo de ítem Koha
      Excluido de préstamo Monografías: Libros y Folletos General General En catalogación 19.11.2013 LF1   42201-10 25.06.2020 25.06.2020 No se presta

Powered by Koha